| 000 | nam a22 7a 4500 | ||
|---|---|---|---|
| 999 |
_c342529 _d342529 |
||
| 003 | NUST | ||
| 005 | 20180101123442.0 | ||
| 008 | 180101b xxu||||| |||| 00| 0 eng d | ||
| 020 | _a9780881230437 | ||
| 040 | _cNUST | ||
| 082 |
_a296.4 _bSTE |
||
| 100 |
_a Chaim Stern, et al., eds _97895 |
||
| 245 |
_aOn the doorposts of your house: _bAl mezuzot betekha : [prayers and ceremonies for the Jewish home] / _c Chaim Stern, et al., eds; Central Conference of American Rabbis |
||
| 260 |
_aNew York: _bCCAR Press, _c1994 |
||
| 300 | _a384 pages | ||
| 504 | _aIncludes bibliographical references and index | ||
| 650 |
_aReform Judaism _97896 |
||
| 650 |
_aPrayer--Judaism _97897 |
||
| 942 |
_2ddc _cBK |
||